Biblioteca y Centro de Documentación

Los sindicatos y el nuevo contrato social (Registro nro. 52385)

Detalles MARC
000 -CABECERA
Longitud fija campo de control 01584 a2200457 4500
001 - NÚMERO DE CONTROL
Número de control 52385
003 - IDENTIFICADOR DE NÚMERO DE CONTROL
Identificador del número de control ES-MaCES
005 - FECHA Y HORA DE LA ÚLTIMA TRANSACCIÓN
Fecha y hora de la última transacción 20250203133957.0
008 - CAMPO FIJO DE DESCRIPCIÓN FIJA--INFORMACIÓN GENERAL
Códigos de información de longitud fija   220718s2022 sp ||||| |||||||||||spa|d
017 ## - NÚMERO DE REGISTRO DE DERECHOS DE AUTOR Y DEPÓSITO LEGAL
Número de copyright o de depósito legal M 11772-2022
Agencia que asigna el número DL
020 ## - ISBN (INTERNATIONAL STANDARD BOOK NUMBER)
Número Internacional Normalizado para Libros (ISBN) 9788413524627
040 ## - FUENTE DE CATALOGACIÓN
Centro catalogador de origen ES-MaCES
Lengua de catalogación spa
Centro transcriptor ES-MaCES
100 1# - ENCABEZAMIENTO PRINCIPAL--NOMBRE PERSONAL
Nombre de persona Sordo, Unai
9 (RLIN) 39411
245 14 - MENCIÓN DE TÍTULO
Título Los sindicatos y el nuevo contrato social
Resto del título : cómo España salió del ERTE
Mención de responsabilidad, etc. Unai Sordo ; proemio de Enric Juliana ; pr. de María Eugenia Rodríguez Palop
260 ## - PUBLICACIÓN, DISTRIBUCIÓN, ETC (PIE DE IMPRENTA)
Lugar de publicación, distribución, etc. Madrid
Nombre del editor, distribuidor, etc. Los libros de la catarata
Fecha de publicación, distribución, etc. [2022]
300 ## - DESCRIPCIÓN FÍSICA
Extensión 190 p.
Dimensiones 22 cm
490 1# - MENCIÓN DE SERIE
Mención de serie Los Libros de la Catarata
Designación de volumen o secuencia 888
504 ## - NOTA DE BIBLIOGRAFÍA, ETC.
Nota de bibliografía, etc. Bibliografía: p. 121-125
541 ## - NOTA DE LA FUENTE INMEDIANTE DE ADQUISICIÓN
Forma de adquisición Compra
650 #4 - ASIENTO SECUNDARIO DE MATERIA--TÉRMINO DE MATERIA
9 (RLIN) 28377
Término de materia o nombre geográfico como elemento inicial sindicato
650 #4 - ASIENTO SECUNDARIO DE MATERIA--TÉRMINO DE MATERIA
9 (RLIN) 29453
Término de materia o nombre geográfico como elemento inicial sindicalismo
650 #7 - ASIENTO SECUNDARIO DE MATERIA--TÉRMINO DE MATERIA
9 (RLIN) 30739
Término de materia o nombre geográfico como elemento inicial contrato social
650 #4 - ASIENTO SECUNDARIO DE MATERIA--TÉRMINO DE MATERIA
9 (RLIN) 30664
Término de materia o nombre geográfico como elemento inicial concertación social
650 #4 - ASIENTO SECUNDARIO DE MATERIA--TÉRMINO DE MATERIA
9 (RLIN) 28369
Término de materia o nombre geográfico como elemento inicial relaciones laborales
650 #7 - ASIENTO SECUNDARIO DE MATERIA--TÉRMINO DE MATERIA
9 (RLIN) 28362
Término de materia o nombre geográfico como elemento inicial negociación colectiva
650 #7 - ASIENTO SECUNDARIO DE MATERIA--TÉRMINO DE MATERIA
9 (RLIN) 29986
Término de materia o nombre geográfico como elemento inicial terminación de la relación de trabajo
650 #7 - ASIENTO SECUNDARIO DE MATERIA--TÉRMINO DE MATERIA
9 (RLIN) 30703
Término de materia o nombre geográfico como elemento inicial suspensión del contrato de trabajo
650 #7 - ASIENTO SECUNDARIO DE MATERIA--TÉRMINO DE MATERIA
9 (RLIN) 28382
Término de materia o nombre geográfico como elemento inicial salario mínimo
650 #7 - ASIENTO SECUNDARIO DE MATERIA--TÉRMINO DE MATERIA
9 (RLIN) 28292
Término de materia o nombre geográfico como elemento inicial mercado de trabajo
650 #7 - ASIENTO SECUNDARIO DE MATERIA--TÉRMINO DE MATERIA
9 (RLIN) 29892
Término de materia o nombre geográfico como elemento inicial reforma legislativa
650 #7 - ASIENTO SECUNDARIO DE MATERIA--TÉRMINO DE MATERIA
9 (RLIN) 39751
Término de materia o nombre geográfico como elemento inicial Covid-19
650 #7 - ASIENTO SECUNDARIO DE MATERIA--TÉRMINO DE MATERIA
9 (RLIN) 30732
Término de materia o nombre geográfico como elemento inicial evaluación del impacto
650 #7 - ASIENTO SECUNDARIO DE MATERIA--TÉRMINO DE MATERIA
9 (RLIN) 26964
Término de materia o nombre geográfico como elemento inicial España
650 #7 - ASIENTO SECUNDARIO DE MATERIA--TÉRMINO DE MATERIA
9 (RLIN) 40425
Término de materia o nombre geográfico como elemento inicial 2019-2022
653 10 - TÉRMINO DE INDEXACIÓN--NO CONTROLADO
Término no controlado Relaciones laborales-Empleo
700 1# - ENCABEZAMIENTO SECUNDARIO--NOMBRE PERSONAL
9 (RLIN) 40438
Nombre de persona Juliana, Enric
Término indicativo de función pr.
700 1# - ENCABEZAMIENTO SECUNDARIO--NOMBRE PERSONAL
9 (RLIN) 40439
Nombre de persona Rodríguez Palop, María Eugenia
Término indicativo de función pr.
830 #4 - ENCABEZAMIENTO SECUNDARIO DE COLECCIÓN--TÍTULO UNIFORME
Título uniforme Los libros de la Catarata
9 (RLIN) 32187
Designación de volumen o secuencia 888
902 ## - CES. TIPO DE DOCUMENTO
Tipodoc (006$c Sirtex) LIB Libro
942 ## - ELEMENTOS KOHA
Fuente de clasificaión o esquema Clasificación propia del CES
Koha [por defecto] tipo de item Monografías
Parte de clasificación Relaciones Laborales y Rel. Lab.- Empleo
Existencias
Número de registro Signatura completa Tipo de item de Koha
092752 SG-2.0.-424 Monografías
© CES, Consejo Económico y Social de España 2021